IV. slovenský chirurgický kongres s medzinárodnou účasťou zborník abstraktov
| Korporatívny autor: | |
|---|---|
| Ďalší autori: | |
| Médium: | Konferenčný príspevok Kniha |
| Jazyk: | slovenčina čeština angličtina |
| PhysicalDescription: | 152 s. 21 cm |
| Vydavateľské údaje: |
[Nitra]
Environment
2006
|
| ISBN: | 8096912054 (brož.) |
| Vydanie: | [1. vyd.] |
| Predmet: |
MARC
| LEADER | 00000nam a2200000 a 4500 | ||
|---|---|---|---|
| 001 | vtls008878713 | ||
| 003 | SK-MaSNL | ||
| 005 | 20260301080437.0 | ||
| 008 | 160308s2006 xo f a 100 0 slo | ||
| 015 | |a SNBA2006/12-05820 | ||
| 020 | |a 8096912054 (brož.) | ||
| 035 | |a 3221F88B-30BE-440D-B020-EA808FCAFFCB | ||
| 035 | |a urn:nbn:sk:snk-amk77b | ||
| 035 | |a urn:nbn:sk:snk-am008fi2 | ||
| 040 | |a SNK |b slo |c SNK |e AACR2 | ||
| 041 | 0 | |a slo |a cze |a eng | |
| 044 | |a xo |c SK | ||
| 072 | 7 | |a 617 |x Ortopédia. Chirurgia. Oftalmológia |2 konspekt | |
| 080 | |a 617-089 |2 2001 | ||
| 080 | |a (063) |2 2001 | ||
| 080 | |a (048.3) |2 2001 | ||
| 111 | 2 | |a Slovenský chirurgický kongres s medzinárodnou účasťou |n (4. : |d 2006 : |c Nitra, Slovensko) |9 93526 | |
| 245 | 1 | 0 | |a IV. slovenský chirurgický kongres s medzinárodnou účasťou |b zborník abstraktov |c [editor: Emil Bakoš] |
| 246 | 1 | 1 | |a 4th Slovak Surgical Congress with International Participation |
| 246 | 3 | |a Štvrty slovenský chirurgický kongres s medzinárodnou účasťou | |
| 246 | 3 | 1 | |a The fourth Slovak Surgical Congress with International Participation |
| 250 | |a [1. vyd.] | ||
| 260 | |a [Nitra] |b Environment |c 2006 | ||
| 300 | |a 152 s. |c 21 cm | ||
| 366 | |e 450 výtl. | ||
| 546 | |a Čiast. text čes. a angl. | ||
| 611 | 2 | 7 | |a Slovenský chirurgický kongres s medzinárodnou účasťou |n (4. : |d 2006 : |c Nitra, Slovensko) |2 SNKKA |9 93526 |
| 650 | 0 | 7 | |a chirurgia |2 SNKPH |9 2178 |
| 655 | 7 | |a zborníky konferencií |2 SNKPH |9 70153 | |
| 655 | 7 | |a abstrakty |2 SNKPH |9 22516 | |
| 700 | 1 | |a Bakoš, Emil, |d 1945- |4 edt |9 194937 | |
| 919 | |a 80-969120-5-4 | ||
| 958 | |a OND | ||
| 999 | |c 653196 |d 655126 | ||
| 952 | |a SNK |b SNK |y PREZ |7 0 |p 17A0529223 |o snkSC 125673 |i snk2006/24041 |8 0 |0 0 |1 0 |4 0 |d 2006-11-15 |f 1 |l 0 |r 2025-06-11 00:00:00 |w 2026-02-23 | ||


